00677cam a22002291 4500001001300000003000400013005001700017008004100034010001700075035002000092040001800112042001200130043001200142050001600154100002600170245009500196260005200291300001800343651003200361710003700393999001700430sa 64006258 DLC20260227112038.0890420q io 000 0 ind  asa 64006258  a(OCoLC)23547081 aDLCcMiUdDLC apremarc aa-io---00aHC447b.S820 aSoekarno,d1901-1970.10aPimpinan ekonomi nasional dalam tahun 1962;bamanat, instruksi, keputusan operasi ekonomi. a[Djakarta]bDepartemen Peneranganc[cover 1962] a23 p.c21 cm. 0aIndonesiaxEconomic policy.1 aIndonesia.kLaws, statutes, etc. c59592d59592